Macroeconomics

Bibliographic Details
Main Author: Startz, Richard
Format: Book
Published: New York : McGraw-Hill , 1990
Edition:5th edition
Subjects:

MARC

LEADER 00000cam a2200000 7i4500
001 0000003779
002 000004069
005 20000330.0
020 |a 0070177899 
090 0 0 |a 339   |b STA 
100 1 |a Startz, Richard 
245 1 0 |a Macroeconomics   |c Richard Startz 
250 |a 5th edition 
260 |a New York :   |b McGraw-Hill ,   |c 1990 
300 |a 288p. :   |b ill ;   |c 23cm. 
650 0 0 |a Macroeconomics 
999 |a 037012   |b BUKU   |c PINJAMAN   |e PERPUSTAKAAN KOMUNITI PETALING JAYA 
999 |a 037070   |b BUKU   |c PINJAMAN   |e PERPUSTAKAAN KOMUNITI PETALING JAYA